000 00623nam a2200217Ia 4500
008 101110s9999 xx 000 0 und d
041 _aENGLISH
082 _bSR28710
100 _aWadwani Manohar R.
245 _aBusiness law, 2nd edition, 1st year 1st semester BMS series
260 _c2004
_bSheth Publication, Mumbai
300 _a355
365 _b100
520 _aB.M.S.
546 _aENGLISH
630 _aBusiness law, 2nd edition, 1st year 1st semester BMS series
650 _aB.M.S.
655 _aB.M.S.
730 _aBusiness law, 2nd edition, 1st year 1st semester BMS series
942 _cBOOK
999 _c821237
_d821234